| 000 | 01954nam a22002775i 4500 | ||
|---|---|---|---|
| 001 | 20648775 | ||
| 005 | 20240108150043.0 | ||
| 008 | 180828s2019 inu 000 0 eng | ||
| 010 | _a 2018956541 | ||
| 040 |
_aDLC _beng _erda _cDLC |
||
| 042 | _apcc | ||
| 082 | _a005.2762,FRI | ||
| 100 | 1 |
_aMatt, Frisbie. _9119868 |
|
| 245 | 1 | 0 |
_aProfessional javascript for web developers / _cMatt Frisbie. |
| 250 | _a4th edition. | ||
| 263 | _a1902 | ||
| 264 | 1 |
_aIndianapolis, IN : _bJohn Wiley & Sons, _c2019. |
|
| 300 | _a1145p. | ||
| 336 |
_atext _btxt _2rdacontent |
||
| 337 |
_aunmediated _bn _2rdamedia |
||
| 338 |
_avolume _bnc _2rdacarrier |
||
| 505 | _aForeword (Page-Xlvii), Introduction (Page-Xlix), What Is Javascript? (Page-1), Javascript in Html (Page-13), Language Basics (Page-25), Variables, Scope, and Memory (Page-101), Basic Reference Types (Page-125), Collection Reference Types (Page-167), Iterators and Generators (Page-225), Objects, Classes, and Object-Oriented Programming (Page-251), Proxies and Reflect (Page-323), Functions (Page-349), Promises and Async Functions (Page-391), The Browser Object Model (Page-437), Client Detection (Page-465),The Document Object Model (Page-491), Dom Extensions (Page-543), Dom Levels 2 and 3 (Page-563), Events (Page-601), Animation and Graphics with Canvas (Page-671), Scripting forms (Page-707), Javascript Apis (Page-743), Error Handling and Debugging (Page-823), Xml in Javascript (Page-849), Json (Page-861), Network Requests and Remote Resources (Page-871), Client-Side Storage (Page-919), Modules (Page-945), Workers (Page-969), Best Practices (Page-1035), Appendix A: Es2018 And Es2019 (Page-1067), Appendix B: Strict Mode (Page-1087), Appendix C: Javascript Libraries and Frameworks (Page-1095),Appendix D: Javascript Tools (Page-1101),Index (Page-1113). | ||
| 906 |
_a0 _bibc _corignew _d2 _eepcn _f20 _gy-gencatlg |
||
| 942 |
_2ddc _cBK _k005.2762,FRI |
||
| 999 |
_c607395 _d607395 |
||